00840 a2200217 4500003000500000005001700005010001600022020001500038040000900053082001400062100002500076245011500101250001200216260003100228300004500259505010000304650003500404700002100439856008800460856007400548Nust20221027104104.0 a 91024304 a0471839442 cNust00a621.3,SMI1 aSmith, Ralph Judson.10aCircuits, devices, and systems :ba first course in electrical engineering /cRalph J. Smith, Richard C. Dorf. a5th ed. aNew York :bWiley,cc1992. axi, 868 p. :bill. (some col.) ;c26 cm. aPart-1: Circuits (Page-3), Part-2: Electronics (Page-303), Part-3: Electromechanics (Page-657). 0aTelecommunication Engineering.1 aDorf, Richard C.423Publisher descriptionuhttp://www.loc.gov/catdir/description/wiley034/91024304.html423Table of Contentsuhttp://www.loc.gov/catdir/toc/onix05/91024304.html